00743nab a2200217uuc4500001000800000005001700008008004100025035001200066035002100078040001300099041000800112100003800120245005800158650006100216650003400277650002300311700005300334773010900387942001000496999001900506124380120240202102601.0110531e20090401 spa  a1243801 a(OCoLC)820585407 ccomduadb aspa10aAristizabal, D.4auteaut962026410aSimulador de aberraciones ópticas primarias en java aJava (Lenguaje de programación de computadores)924294 aAberración óptica9192140 aDifracción9492210aArias Bedoya, Ángela María4auteaut96592610 tRevista Colombiana de Física (Bogotá)gVol. 41, No. 02, Abr. 2009, 476-478w189942x0120-2650085819 cARIMP c589351d589351